000 01017nmm a2200301 a 4500
001 ocm000984772
003 TR-IsHL
005 20201028153704.0
008 150306s2011 tu tur
007 cr cn
020 _a9786051280233
035 _a984772
_b(N$T)
050 0 4 _aPL248.O9334
_bK36 2011
090 0 4 _aPL248.O9334
_bK36 2011
100 1 _aÖzdağ, Hamit Çağlar
245 1 0 _aKan muskaları destanı 1: Anstorra
_h[electronic resource] /
_cHamit Çağlar Özdağ ; Darius Lancelot
250 _a1.baskı
260 _aİstanbul :
_bİkinci Adam Yayınları,
_c2011
300 _a664 p.
500 _ac. 1. Anstorra.-- c. 2. Alametler.-- c. 3. İhanetler
_x
650 4 _aDil ve Edebiyat
650 4 _aLanguage and Literature
650 0 _aTürk romanı
650 0 _aTurkish fiction
650 7 _aLITERARY COLLECTIONS / Middle Eastern
_2bisacsh
700 1 _aLancelot, Darius
856 4 0 _uhttp://search.ebscohost.com/login.aspx?direct=true&scope=site&db=e011xww&AN=984772
999 _c12181
_d12181